000 00660nam a2200205Ia 4500
005 20260121110338.0
008 008 260114s9999 xx 000 0 hin d
020 _a9788132353614
037 _aEBOOK
040 _aCRL
_bhin
_cCRL
041 _ahin
_2hin
084 _qCRL
100 _aपवन कुमार / Lal Bahadur Garg
_9945032
245 0 _aसूचना प्रबंधन प्रणाली / Soochna Prabandhan Pranali
260 _bभाषा प्रकाशन / Bhasha Prakashan
_c2020
856 _uhttps://bhashaprakashan.com/product-details/382472
942 _cEBOOK
999 _c1536696
_d1536696